Visualizzazione normale
Vista MARC
- Mortari Luigina
di Personal Name
Records bibliografici associati: 7
001 - CONTROL NUMBER
- control field: 57855
003 - CONTROL NUMBER IDENTIFIER
- control field:
005 - DATE AND TIME OF LATEST TRANSACTION
- control field: 20190513163335.0
008 - FIXED-LENGTH DATA ELEMENTS
- fixed length control field: 190513|| aca||aabn | a|a d
040 ## - CATALOGING SOURCE
- Original cataloging agency:
- Transcribing agency:
100 ## - HEADING--PERSONAL NAME
- Personal name: Mortari Luigina
670 ## - SOURCE DATA FOUND
- Source citation: Work cat.: (): Mortari Luigina, La cura, esperienza fondamentale della condizione umana, 2107